000 00236 a2200097 4500
020 _a9789369890231
100 _aPriyambada Jayakumar
245 _aM S Swaminathan : the man who fed India
260 _bHarper Collins
_c2025
942 _cOO
999 _c115200
_d115199